| 000 | 00677cam a22002291 4500 | ||
|---|---|---|---|
| 001 | 9288341 | ||
| 005 | 20150818142741.0 | ||
| 008 | 760513s1948 enk 000 0 eng | ||
| 010 | _a 48003870 | ||
| 035 | _a(OCoLC)2174464 | ||
| 040 |
_aDLC _cABAU _dOCoLC _dDLC |
||
| 042 | _apremarc | ||
| 050 | 0 | 0 |
_aB804.J6 _b.J65 |
| 082 | _a901 | ||
| 100 | 1 |
_aJoad, C. E. M. _q(Cyril Edwin Mitchinson), _d1891-1953. _918642 |
|
| 245 | 1 | 0 |
_aDecadence; _ba philosophical inquiry. |
| 260 |
_aLondon, _bFaber and Faber _c[1948] |
||
| 300 |
_a430 p. _c21 cm. |
||
| 650 | 0 |
_aCivilization _xPhilosophy. _98014 |
|
| 906 |
_a7 _bcbc _coclcrpl _du _encip _f19 _gy-gencatlg |
||
| 942 |
_2lcc _cMONOGRAPH |
||
| 999 |
_c123066 _d123066 |
||